Report of a geological exploration of part of Iowa,Wisconsin, and Illinois (Record no. 6054)

MARC details
000 -CABECERA
campo de control de longitud fija 00663nam a2200217 a 4500
001 - NÚMERO DE CONTROL
campo de control BRCA_6368
005 - FECHA Y HORA DE LA ÚLTIMA TRANSACCIÓN
campo de control 20190320205428.0
008 - DATOS DE LONGITUD FIJA--INFORMACIÓN GENERAL
campo de control de longitud fija 260811s1844----u--bef####---#000-0#eng-#
041 ## - CÓDIGO DE LENGUA
Código de lengua del texto/banda sonora o título independiente eng
044 ## - CÓDIGO DEL PAÍS DE LA ENTIDAD EDITORA/PRODUCTORA
Código MARC del país u
050 #4 - SIGNATURA TOPOGRÁFICA DE LA BIBLIOTECA DEL CONGRESO
Número de clasificación QE73
Número de documento/Ítem .O22 1844
100 1# - ENTRADA PRINCIPAL--NOMBRE DE PERSONA
Nombre de persona Owen, David Dale
Fechas asociadas al nombre 1807-1860
9 (RLIN) 15953
245 10 - MENCIÓN DE TÍTULO
Título Report of a geological exploration of part of Iowa,Wisconsin, and Illinois
260 ## - PUBLICACIÓN, DISTRIBUCIÓN, ETC.
Lugar de publicación, distribución, etc. Estados Unidos
Nombre del editor, distribuidor, etc. senate of the United States
Fecha de publicación, distribución, etc. 1844
300 ## - DESCRIPCIÓN FÍSICA
Extensión 191 p.
Otras características físicas il. (algunas a color), mapas, planos
Dimensiones 24 cm.
500 ## - NOTA GENERAL
Nota general K163
650 14 - PUNTO DE ACCESO ADICIONAL DE MATERIA--TÉRMINO DE MATERIA
Término de materia o nombre geográfico como elemento de entrada Geología
Subdivisión geográfica Iowa
9 (RLIN) 15954
650 14 - PUNTO DE ACCESO ADICIONAL DE MATERIA--TÉRMINO DE MATERIA
Término de materia o nombre geográfico como elemento de entrada Minas y recursos minerales
Subdivisión geográfica Iowa
9 (RLIN) 15955
902 ## - CATALOGADOR
Iniciales GFM
942 ## - ELEMENTOS DE PUNTO DE ACCESO ADICIONAL (KOHA)
Fuente del sistema de clasificación o colocación Library of Congress Classification
Tipo de ítem Koha Libros
Holdings
Estado de retiro Estado de pérdida Estado dañado No para préstamo Localización permanente Ubicación/localización actual Fecha de adquisición Número de inventario Total de préstamos Signatura topográfica completa Código de barras Fecha visto por última vez Precio válido a partir de Tipo de ítem Koha
El ejemplar forma parte de la colección y puede ser consultado según las políticas vigentes.       Biblioteca del Museo Franz Mayer (Rogerio Casas-Alatriste) Biblioteca del Museo Franz Mayer (Rogerio Casas-Alatriste) 24/08/2011 K163   QE73 .O22 1844 (K163) 6815 22/03/2019 22/03/2019 Libros